Qué es... el bautismo /

Tallennettuna:
Bibliografiset tiedot
Päätekijä: Fernand Borrero, Iñaki (autor)
Aineistotyyppi: Kirja
Kieli:espanja
Julkaistu: Madrid, España : Paulinas, 1997, c1997
Tagit: Lisää tagi
Ei tageja, Lisää ensimmäinen tagi!

MARC

LEADER 00000nam^a2200000^a^4500
001 000626789
005 20260129000000.0
009 20260526154500.6
020 |a 84-89021-67-7 
037 |a Acervo Xavier Clavigero 
041 |a ESP 
091 |a FHG. 00824 
100 |a Fernand Borrero, Iñaki  |e (autor) 
245 1 0 |a Qué es... el bautismo / 
264 4 |a Madrid, España :  |b Paulinas,  |c 1997, c1997 
300 |a 56 p. 
336 |a texto  |b txt  |2 rdacontenido 
337 |a sin mediación  |b n  |2 rdamedio 
338 |a volumen  |b nc  |2 rdasoporte 
649 |a XX 
910 |a Fondo Humberto García Bedoy S.J. 
920 |a Impresos - Libros 
930 |a Fondos Especiales 
905 |a 148 
901 |a 626789-10  |b IT2  |c ESP  |i D  |u 20260129 
902 |a https://opac.biblio.iteso.mx/vufind/Record/000626789